Score 0/16 Timer 04:00
2 Plays Today
Title City % Correct
I Left My Heart in _____San Francisco
83.9%
Fairytale of _____New York
81.6%
Werewolves of _____London
74.7%
I Love _____L.A.
69.7%
Walking in _____Memphis
67.2%
_____ Rock CityDetroit
57.9%
Streets of _____Philadelphia
51.8%
Sweet Home _____Chicago
51.7%
Title City % Correct
Leaving _____Las Vegas
48.8%
Free Man in _____Paris
47.9%
Last Train to _____Clarksville
46.9%
One Night in _____Bangkok
34.5%
Hello _____Seattle
27.1%
Say Goodbye to _____Hollywood
25.9%
Queen of _____New Orleans
18.5%
_____ By MorningAmarillo
18.1%

Today's Daily Dose

Missing Word
1960s A-Z

Word Ladder
Former NBA Star

Get the Picture
TV Kellys

You're not logged in!

Compare scores with friends on all Sporcle quizzes.
OR
Log In

Sporcle TV

Today on Sporcle TV


Watch our educational content, quiz creation guides, and fun videos on Sporcle TV.

Show Comments

Extras

Top Quizzes Today


Score Distribution

Paid Content

Your Account Isn't Verified!

In order to create a playlist on Sporcle, you need to verify the email address you used during registration. Go to your Sporcle Settings to finish the process.

Report this User

Report this user for behavior that violates our Community Guidelines.

Details: